|
|
|
|
| LEADER |
01033nam a2200289 u 4500 |
| 001 |
10024583 |
| 003 |
upatras |
| 005 |
20210117205850.0 |
| 008 |
950609s1984 ja eng |
| 020 |
|
|
|a 0070663807
|
| 040 |
|
|
|a GR-PaULI
|c GR-PaULI
|
| 041 |
0 |
|
|a eng
|
| 082 |
0 |
4 |
|a 537.8
|
| 100 |
1 |
|
|9 25238
|a Kraus, John Daniel,
|d 1910-2004
|
| 245 |
1 |
0 |
|a Electromagnetics
|c John D. Kraus
|
| 250 |
|
|
|a 3rd edition
|
| 260 |
|
|
|a Tokyo
|b McGraw Hill
|c 1984
|
| 300 |
|
|
|a xvi, 775 p.
|b fig.
|
| 490 |
0 |
|
|a McGraw - Hill series in electrical engineering
|
| 504 |
|
|
|a Includes appendix, bibliography and index
|
| 650 |
|
4 |
|a Ηλεκτρομαγνητισμός
|9 4269
|
| 760 |
0 |
|
|a McGraw-Hill series in electrical engineering
|
| 852 |
|
|
|a GR-PaULI
|b ΠΑΤΡΑ
|b ΦΥΣΙΚΟ
|k ΑΕΧ-1
|h 537.8 KRA
|m 02479
|t 1
|
| 942 |
|
|
|2 ddc
|c BK15
|
| 952 |
|
|
|0 0
|1 0
|4 0
|6 537_800000000000000_KRA
|7 0
|9 193822
|a PHYS
|b PHYS
|d 2016-04-24
|i 02479
|l 0
|o 537.8 KRA
|r 2016-04-24 00:00:00
|t 1
|w 2016-04-24
|y BK15
|
| 998 |
|
|
|c ΔΡΑΚΟΠΟΥΛΟΥ
|d 2000-11
|
| 999 |
|
|
|c 118847
|d 118847
|